000 00938nam a2200265 i 4500
001 187425
003 ES-MaACL
005 20250822062537.0
008 170704s1980 sp |||| | spa d
020 _a84-206-4106-5
100 1 _aOrtega y Gasset, José,
_d1883-1955
_987503
245 1 0 _aPapeles sobre Velázquez y Goya /
_cOrtega y Gasset.
250 _a1ª ed. en "Obras de José Ortega y Gasset".
260 _aMadrid :
_bRevista de Occidente en Alianza Editorial,
_c1980.
300 _a356 p. ;
_c18 cm.
490 1 _aObras de José Ortega y Gasset ;
_v6
598 _aColección editada por Paulino Garagorri.
600 1 4 _aVelázquez, Diego,
_d1599-1660
_9113793
600 1 4 _aGoya, Francisco de,
_d1746-1828
_9240353
700 1 _aGaragorri, Paulino,
_d1916-2007
_953911
830 1 _aObras de José Ortega y Gasset ;
_v6
_9181562
852 _aES-MaACL
_jL-31804
942 _2udc
999 _c187425
_d187425